| 000 | 00814nam a22002177a 4500 | ||
|---|---|---|---|
| 005 | 20240530110408.0 | ||
| 008 | 150207s2012 ua d f 000 0 ara d | ||
| 017 |
_a2012/3332 _bمصر . دار الكتب المصرية |
||
| 020 | _a9789771808817 | ||
| 040 | _aEG-CaGPL | ||
| 041 | 0 | _aara | |
| 082 | 0 | 4 |
_221 _a916.2 _bق/س ك |
| 100 | 0 | _aسلوى على ميلاد | |
| 245 | 1 | 0 |
_aكتاب وصف مصر : _bو اهميته فى ضوء دراسة الوثائق العربية / _cسلوى على ميلاد |
| 260 |
_aالقاهرة : _bدار الكتب و الوثائق القومية ، _c2012 |
||
| 300 |
_a131 ص ؛ _c24 سم |
||
| 650 | 0 | 4 |
_aكتاب وصف مصر _xشرح و تحليل |
| 651 | 0 | 4 |
_aمصر _xوصف ورحلات |
| 942 |
_2ddc _cBK |
||
| 999 |
_c60395 _d60395 |
||